000 00543nam a2200217 a 4500
001 BRCA_774
005 20190320203139.0
008 191005s1960----nyu#######---#000-0#eng-d
041 _aeng
044 _anyu
050 4 _aPZ3
_p.B37 1960
100 1 _aBarry, Jerome.
_92578
245 1 0 _aFall Guy
_cby Jerome Barry.
260 _aGarden City, Nueva York
_bDoubleday
_c1960
300 _a188 p.
_c22 cm.
440 0 _aA crime club selection
_9876
500 _aCEF21
650 1 4 _aNovelas policĂ­acas
_9877
902 _aGFM
942 _2lcc
_cB
999 _c671
_d671